000 00347nam a2200133Ia 4500
100 _aLuger/George F
942 _cBK
654 _aartificial
245 _aArtificial intelligence:Structures and strategies for complex problem solving
260 _bPearson Education
_aNew Delhi
_c2002
082 _a6.3
_bLUG
300 _a856
546 _aENGLISH
999 _c18748
_d18748